| 000 | 00647nam a22002177a 4500 | ||
|---|---|---|---|
| 003 | OSt | ||
| 005 | 20210426124314.0 | ||
| 008 | 210201s2012 ||||| |||| 00| 0 eng d | ||
| 020 | _a0558925251 | ||
| 020 | _a9780558925253 | ||
| 040 |
_aeng _beng _cDLC |
||
| 041 | _aeng | ||
| 080 |
_a33 _bA-44 |
||
| 100 |
_9754 _aCFA program curriculum |
||
| 245 |
_aAlternative Investments, Risk Management, and the Application of Derivatives Volume 5 _b: Level III _c/ by: Pearson |
||
| 260 |
_aUSA _bPearson _c2012 |
||
| 300 |
_a541 p. Glossary 21 p. Index 18 p. _bill. |
||
| 650 | 0 |
_9446 _aEconomics |
|
| 653 | _aეკონომიკა | ||
| 942 |
_2udc _cBK |
||
| 999 |
_c1107 _d1107 |
||